000 00623nam a22001817a 4500
005 20251108170949.0
008 250721s1985 xx 000 0 ara d
082 1 4 _aم/443.1/بسا
100 1 _aبركة، بسام
245 1 0 _aمعجم اللسانية :
_bفرنسي - عربي مع مسرد الفبائي بالألفاظ العربية /
264 1 _aطرابلس (لبنان) :
_bجروس برس،
_c1985.
300 _a289ص
650 1 7 _aمعاجم اللغة الفرنسية
650 1 7 _aالمعاجم اللغوية
650 1 7 _aمعجم فرنسي عربي
942 _2ddc
_cREF
999 _c53181
_d53181